| 000 | 01523nam a2200277Ia 4500 | ||
|---|---|---|---|
| 999 |
_c52510 _d52510 |
||
| 001 | 19533 | ||
| 003 | GE_BSU | ||
| 005 | 20200224152221.0 | ||
| 008 | 181216s1974||||ge |||||||||||||| ||geo|| | ||
| 040 | _cGE_BSU | ||
| 041 | _ageo | ||
| 080 | _a811.353.1 მ-59 | ||
| 245 |
_aმეტყველების ანალიზის საკითხები V = Вопросы анализа речи / _cრედ. ჯ. ჯაფარიძე. |
||
| 264 |
_aთბილისი : _bმეცნიერება, _c1974. |
||
| 300 |
_a140 გვ. : _b1 ფოტო პორტ. ; _c26 სმ. |
||
| 520 | _aეძღვნება ფილოლოგიურ მეცნიერებათა დოქტორის შოთა გაფრინდაშვილის 60წლისთავს | ||
| 541 | _h2ლ.30თ. | ||
| 546 | _aზოგიერთი სტატია რუს. ენ. | ||
| 653 | _aВопросы анализа речи | ||
| 653 | _aმეტყველების ანალიზი | ||
| 653 | _a ქართული ენის ფონეტიკა | ||
| 653 | _aმეტყველების ანალიზის საკითხები | ||
| 700 |
_aჯაფარიძე, ჯ. _eრედაქტორი _97400 |
||
| 710 |
_aსაქართველოს სსრ მეცნიერებათა აკადემია ენათმეცნიერების ინ-ტი _97401 |
||
| 942 |
_cBK _2udc |
||